| 000 | 00507cam a2200193ua 4500 | ||
|---|---|---|---|
| 020 | _c250.00 | ||
| 041 |
_aeng _h |
||
| 082 |
_a658.501 _bSHA/CO |
||
| 100 | _aSharma, S K . | ||
| 245 |
_aCourse in industrial engineering and operations management / _cS K Sharma. _hTextual Documents |
||
| 250 |
_a2 / _b. |
||
| 260 |
_aDelhi : _bS K Kataria and sons , _c2004. |
||
| 300 | _a857 ; . | ||
| 365 | _a250.00 | ||
| 504 | _a | ||
| 700 | 1 | _aSharma, Savitha . | |
| 942 | _cBK | ||
| 999 |
_c13210 _d13210 |
||